000 00686nam a22002177a 4500
003 OSt
005 20210818181722.0
008 170828s2002 ck gr 001 j spa d
040 _bspa
041 _aspa
_hspa
082 0 4 _a177.7
_bA696h
100 1 _aArias Hoyos, Luz Mary
_950485
245 1 0 _aHistorias reales sexo, amor y valentía
_bIncluye talleres: pedagógicos y terapéuticos
_cLuz Mary Arias Hoyos
260 _aMedellín
_bGráficas Omar`s
_c2002
300 _a219 páginas
650 0 _aAborto
_99838
650 0 _aAmor en la Adolescencia
_917070
650 0 _aAmor
_917034
650 0 _aAbusos
_950486
942 _2ddc
_h177.7 A696h
_k177.7
_mA696h
999 _c12089
_d12089